banner-ar

Picasso's Guernica: the and of a Sponish era. / (Record no. 17672)

MARC details
000 -الفاتح
حقل البيانات ثابتة الطول 00475nam a2200157Ia 4500
008 - عناصر البيانات ثابتة الطول - معلومات عامة
حقل البيانات ثابتة الطول 140319s9999 xx 000 0 eng d
040 ## - مصدر الفهرسة
وكالة الفهرسة الأصلية GCL /
وكالة النسخ GCL
082 04 - رقم تصنيف ديوى العشرى
رقم التصنيف 759.4
رقم المادة G P
100 1# - المدخل الرئيسى - إسم شخصى
الإسم الشخصى GRANELL, EUGENIO FERNANDY
245 10 - بيان العنوان
العنوان Picasso's Guernica: the and of a Sponish era. /
بيان المسئوليه,etc GRANELL, EUGENIO FERNANDY
260 ## - PUBLICATION, DISTRIBUTION, ETC. (IMPRINT)
تاريخ النشر أو التوزيع 1981
650 04 - المدخل الاضافى بالموضوع-مصطلح موضوعى
مصطلح موضوعي PICASSO, PABLO, 1881 - 1973
650 04 - المدخل الاضافى بالموضوع-مصطلح موضوعى
مصطلح موضوعي PAINTING - TECHNIQUE
942 ## - عناصر المدخل الإضافي( كوها)
مصدر التصنيف او مخطط الترفيف Dewey Decimal Classification
Koha [default] item type كتاب
260 ## - PUBLICATION, DISTRIBUTION, ETC. (IMPRINT)
-- [S.N] :
-- U M I RESEARCH PRESS ،
Holdings
حالة التراجع حالة الفقد حالة تلف ليس للاعارة المكان المؤقت الموقع الحالى تاريخ الاكتساب اجمالي اﻻعارات رقم الطلب الباركود تاريخ اخر مشاهدة تاريخ تفعيل السعر نوع وعاء كوها
        مكتبة القاهرة الكبرى مكتبة القاهرة الكبرى 03/26/2014   759.4\G P 31900 03/26/2014 03/26/2014 كتاب

Powered By

EGPV